Olivia Rodrigo: General Knowledge - Statistics

General Stats
  • This quiz has been taken 445 times
  • The average score is 8 of 12
Answer Stats
Question Answer % Correct
What is the name of Olivia’s debut album? SOUR
99%
Which show does Olivia act in? High School Musical: The Musical: The Series
97%
What was the name of her debut single? drivers license
89%
Which song on her debut album contains the lyric “brown guilt eyes and little white lies”? traitor
85%
In 2021, Disney+ released a documentary about the making of her debut album. What was it called? driving home 2 u
72%
When is Olivia’s birthday? 20th of February
69%
What is the name of Olivia’s character in the show she acts in? Nini Salazar-Roberts
68%
How old was Olivia upon releasing her debut single? 17
59%
How many songs on her debut album contain a number in the title? 2
57%
How many Grammy Awards did her debut album win her? 3
53%
How many tracks are on Olivia’s debut album? 11
49%
Which song by Taylor Swift does Olivia sample in her song “1 step forward, 3 steps back” New Year’s Day
45%
No matching quizzes found
Score Distribution
Percent of People with Each Score
Percentile by Number Answered
Your Score History
You have not taken this quiz